Christ and the crowds / (Record no. 4737)

MARC details
000 -LEADER
fixed length control field 00770nam a2200253 a 4500
001 - CONTROL NUMBER
control field 2773553
003 - CONTROL NUMBER IDENTIFIER
control field GBCCL
005 - DATE AND TIME OF LATEST TRANSACTION
control field 20241126110525.0
008 - FIXED-LENGTH DATA ELEMENTS--GENERAL INFORMATION
fixed length control field 850328s1981 tnu b 000 0 eng
010 ## -
-- 80068467
020 ## - INTERNATIONAL STANDARD BOOK NUMBER
International Standard Book Number 0805451811
040 ## - CATALOGING SOURCE
Original cataloging agency DLC
Transcribing agency DLC
Modifying agency DLC
050 10 -
-- BT202
-- .C35 1981
082 00 - DEWEY DECIMAL CLASSIFICATION NUMBER
Classification number 232.95
Edition information 19
Item number CAR
100 1# - MAIN ENTRY--PERSONAL NAME
Personal name Carter, James E.,
Dates associated with a name 1935-
9 (RLIN) 137
245 10 - TITLE STATEMENT
Title Christ and the crowds /
Statement of responsibility, etc. James E. Carter.
260 ## - PUBLICATION, DISTRIBUTION, ETC.
Place of publication, distribution, etc. Nashville, Tenn. :
Name of publisher, distributor, etc. Broadman Press,
Date of publication, distribution, etc. c1981.
300 ## - PHYSICAL DESCRIPTION
Extent 127 p. ;
Dimensions 20 cm.
504 ## - BIBLIOGRAPHY, ETC. NOTE
Bibliography, etc. note Includes bibliographical references.
600 00 - SUBJECT ADDED ENTRY--PERSONAL NAME
Personal name Jesus Christ
General subdivision Person and offices.
9 (RLIN) 268
600 00 - SUBJECT ADDED ENTRY--PERSONAL NAME
Personal name Jesus Christ
General subdivision Friends and associates.
9 (RLIN) 8655
906 ## - LOCAL DATA ELEMENT F, LDF (RLIN)
a 7
b cbc
c orignew
d 4
e opcn
f 19
g y-gencatlg
942 ## - ADDED ENTRY ELEMENTS (KOHA)
Source of classification or shelving scheme Dewey Decimal Classification
Koha item type Books
Holdings
Withdrawn status Lost status Source of classification or shelving scheme Damaged status Not for loan Home library Current Library Shelving location Date acquired Total checkouts Full call number Barcode Date last seen Copy number Price effective from Koha item type
    Dewey Decimal Classification     GRACE BIBLE COLLEGE GRACE BIBLE COLLEGE Theology 2018-02-02   232.95 CAR 008101 2025-05-01 c.1 2018-02-02 Books
© Grace Bible College Library 2025